000 00422nam a2200169Ia 4500
008 230524s9999 xx 000 0 und d
020 _a0074636669
082 _a5.133
_bJER
100 _aNoel Jerke
_916792
245 4 _aThe Complete Reference Visual Basic - 6
250 _a1ST
260 _aNEW DELHI
_bNew Central
_c1998
300 _aXIII;901
500 _aQuantity Number: 1
650 _aComp-Sc
942 _cBK
999 _c25249
_d25249